000
00305nam a22001337a 4500
999
_c
259266
_d
259265
003
OSt
005
20220920115438.0
008
220920b xxu||||| |||| 00| 0 eng d
040
_c
N/A
100
_a
Edward Hinga
245
_a
Cha Moyoni mwako kisetiri
260
_a
Nairobi
_b
KLB
_c
1981
942
_2
lcc
_c
BK